| 000 | 00790nam a22002297a 4500 | ||
|---|---|---|---|
| 999 |
_c20088 _d20088 |
||
| 003 | AR-CdUCM | ||
| 008 | 190525b ||||| |||| 00| 0 spa d | ||
| 040 |
_aMUNICIPALIDAD PROVINCIAL DEL CUSCO _cBIBLIOTECA MUNICIPAL DEL CUSCO |
||
| 041 | _heng | ||
| 082 |
_a610.73 / _bL68 |
||
| 100 |
_aLipsey, Sally Irene _942026 |
||
| 245 | _aAritmética para enfermería / | ||
| 260 |
_aMexico : _bCentro Regional de Ayuda Técnica, _c1971. |
||
| 300 |
_a231 páginas _c24 cm. |
||
| 505 | _aContenido: Fracciones comunes -- Simplificación suma y resta -- Multiplicación y división... | ||
| 650 |
_aAritmética _925740 |
||
| 650 |
_aEnfermería _921000 |
||
| 650 |
_aFracciones _921887 |
||
| 700 |
_aPaz de Sosa, Bertha Eugenia (traductor) _942027 |
||
| 942 |
_2ddc _cLIBROS |
||
| 945 | _aJavier | ||